header

International organizations and civilian protection (Record no. 221125)

MARC details
000 -LEADER
fixed length control field 01493nam a2200361 a 4500
082 04 - DEWEY DECIMAL CLASSIFICATION NUMBER
Classification number 361.77
100 1# - MAIN ENTRY--AUTHOR NAME
Personal name Chaulia, Sreeram.
245 10 - TITLE STATEMENT
Title International organizations and civilian protection
260 ## - PUBLICATION, DISTRIBUTION, ETC. (IMPRINT)
Place of publication London ;
-- New York :
Name of publisher I.B. Tauris,
Year of publication 2011.
300 ## - PHYSICAL DESCRIPTION
Number of Pages xxii, 263 p., [2] p. of plates :
Other physical details map.
490 1# - SERIES STATEMENT
Series statement The library of international relations ;
650 #0 - SUBJECT ADDED ENTRY--TOPICAL TERM
Topical Term Humanitarian assistance.
Topical Term Non-governmental organizations.
Topical Term Civilians in war.
856 40 - ELECTRONIC LOCATION AND ACCESS
Uniform Resource Identifier http://site.ebrary.com/lib/rucke/Doc?id=10504520

No items available.

© 2026 Rongo University
Contact us: librarian | system librarian | Rongo university